| 000 | 00983nam a2200229 a 4500 | ||
|---|---|---|---|
| 001 | 000041233 | ||
| 005 | 20201002034723.0 | ||
| 008 | 130926s1987 sp ag 001 0 spa d | ||
| 020 | _a8400066510 | ||
| 040 |
_aDO-SdBNP _bspa _cBNPHU |
||
| 245 | 0 | 0 |
_aCancionero Popular de la Rioja / _cmateriales recogidos por Bonifacio Gil García ; edición crítica por José Romeu Figueras, Juan Tomás y Josep Crivillé i Bargalló. |
| 260 |
_aBarcelona : _bConsejo Superior de Investigaciones Científicas :, _c1987. |
||
| 300 |
_axxvii p., 503 p. : _bil., música ; _c26 cm. |
||
| 490 | 1 |
_aCancionero popular español ; _v5 |
|
| 500 | _aIncluye índice | ||
| 700 | 1 |
_aGil García, Bonifacio _967815 |
|
| 700 | 1 |
_aRomeu i Figueras, Josep, _ecomp. _d1917- _967816 |
|
| 700 | 1 |
_aTomás, Juan _967817 |
|
| 700 | 1 |
_aCrivillé i Bargalló, Josep _967818 |
|
| 710 | 2 |
_aConsejo Superior de Investigaciones Científicas _bGobierno de La Rioja _967819 |
|
| 830 | 0 |
_aCancionero popular español ; _n5 _967820 |
|
| 999 |
_c40723 _d40723 |
||